Pingulala General Knowledge 8 (Easy) - Statistics

General Stats
  • This quiz has been taken 31 times
  • The average score is 10 of 15
Answer Stats
Hint Answer % Correct
What streaming platform produced Stranger Things? Netflix
96%
Who sang "Bohemian Rhapsody"? Queen
96%
Which country is famous for its pasta and pizza? Italy
92%
What sport is played at Wimbledon? Tennis
92%
Who was the first man to walk on the moon? Neil Armstrong
88%
What piece of equipment is used in both tennis and badminton? A racket
76%
What is the hardest natural substance on Earth? Diamond
72%
What is the name of the imaginary line that divides the Earth into Northern and Southern Hemispheres? The Equator
72%
Who painted The Last Supper? Leonardo da Vinci
68%
What is the main character’s name in The Matrix? Neo
64%
What is the name of Simba’s father in The Lion King? Mufasa
60%
What is the highest male singing voice called? Tenor
36%
Who played Sheldon Cooper in The Big Bang Theory? Jim Parsons
24%
What does the term "still life" refer to? A painting of inanimate objects
8%
Which two countries share the longest international border? Canada and the United States
8%
No matching quizzes found
Score Distribution
Percent of People with Each Score
Percentile by Number Answered
Your Score History
You have not taken this quiz